| 000 | 00394nam a2200145Ia 4500 | ||
|---|---|---|---|
| 008 | 230411s9999 xx 000 0 und d | ||
| 020 | _a0-7279-0835-9 | ||
| 041 | _aeng | ||
| 082 | _aOG/616.071/BAR/B02551 | ||
| 100 |
_aBarker DJP _9177469 |
||
| 245 | _aMothers Babies and Disease in Later Life | ||
| 260 |
_bBMJ Publishing Group _aLondon _c1994 |
||
| 300 | _a180p | ||
| 999 |
_c153731 _d153731 |
||